[Event "FAI-ch"]
[Site "Sandavagur"]
[Date "2024.03.23"]
[Round "1"]
[White "Simonsen, Hans Kristian"]
[Black "Nielsen, Hogni Egilstoft"]
[Result "0-1"]
[WhiteElo "2177"]
[BlackElo "2379"]
[PlyCount "72"]
[EventDate "2024.03.23"]
[EventType "tourn"]
[EventRounds "7"]
[EventCountry "FAI"]
[SourceTitle "CB14_2024"]
[SourceDate "2024.04.01"]
[SourceVersion "1"]
[SourceVersionDate "2024.04.01"]
[SourceQuality "1"]

1. e4 g6 2. d4 Bg7 3. Nc3 d6 4. Be3 a6 5. a4 b6 6. Qd2 Bb7 7. f3 h6 8. Bc4 e6 9. Nge2 Ne7 10. 0-0 d5 11. Bb3 Nd7 12. exd5 exd5 13. Rfe1 Nf6 14. Ng3 Qd7 15. a5 b5 16. Na2 h5 17. Nb4 h4 18. Nf1 0-0 19. Nd3 Nf5 20. Nc5 Qc6 21. Bf2 Rae8 22. Re5 Bh6 23. Qd3 Bc8 24. Rae1 Bf4 25. Rxe8 Rxe8 26. Rxe8+ Qxe8 27. g3 hxg3 28. hxg3 Bg5 29. f4 Bh6 30. Qf3 c6 31. g4 Nxg4 32. Qxg4 Nxd4 33. Qd1 Ne2+ 34. Kh1 Bxf4 35. Be3 Bg4 36. Qd2 Bf3# 0-1

[Event "EU-chT 24th"]
[Site "Budva"]
[Date "2023.11.17"]
[Round "6.1"]
[White "Nielsen, Hogni Egilstoft"]
[Black "Tomic, Aleksandar1"]
[Result "1/2-1/2"]
[WhiteElo "2387"]
[BlackElo "2411"]
[PlyCount "124"]
[EventDate "2023.11.11"]
[EventType "team-swiss"]
[EventRounds "9"]
[EventCountry "MNE"]
[SourceTitle "CB47_2023"]
[SourceDate "2023.11.22"]
[SourceVersion "1"]
[SourceVersionDate "2023.11.22"]
[SourceQuality "1"]
[WhiteTeam "Faroe Islands"]
[BlackTeam "Montenegro Youth II"]
[WhiteTeamCountry "FAI"]
[BlackTeamCountry "MNE"]

1. e4 e5 2. Nf3 Nc6 3. Bc4 Nf6 4. d3 h6 5. Nbd2 d6 6. c3 g5 7. h3 Bg7 8. Nf1 0-0 9. Ng3 Ne7 10. Nh2 Ng6 11. Ng4 Nf4 12. Nxf6+ Qxf6 13. Nh5 Qg6 14. Bxf4 exf4 15. g3 fxg3 16. Nxg3 Kh8 17. h4 g4 18. h5 Qg5 19. Qd2 Qxd2+ 20. Kxd2 f5 21. exf5 Bxf5 22. Rae1 Bd7 23. Rh2 Be5 24. d4 Bf4+ 25. Kd1 Rae8 26. Rxe8 Rxe8 27. Be2 c5 28. Rh1 cxd4 29. cxd4 Rc8 30. Bd3 Bc6 31. Ne4 Bd5 32. Ke2 Re8 33. f3 Bxa2 34. Kf2 d5 35. Nc3 Bb3 36. Ne2 Be3+ 37. Kg3 gxf3 38. Kxf3 Bg5 39. Bg6 Re3+ 40. Kf2 Re6 41. Rh3 Bc4 42. Bd3 Rb6 43. Bxc4 dxc4 44. Rc3 Rb4 45. Rc2 b5 46. Kf3 Rb3+ 47. Ke4 Rh3 48. Kd5 a6 49. Kc6 Rxh5 50. Ng3 Rh4 51. d5 Rf4 52. d6 Kg8 53. Re2 b4 54. Ne4 Bh4 55. Kd5 Kf7 56. Kxc4 Ke6 57. Kc5 Kf5 58. Kd5 Rf1 59. Rh2 Rd1+ 60. Kc6 Bd8 61. Nc5 Bg5 62. d7 a5 1/2-1/2

[Event "EU Small Countries blitz op 8th"]
[Site "St Helier"]
[Date "2023.11.02"]
[Round "1"]
[White "Apol, Luitjen Akselsson"]
[Black "Nielsen, Hogni Egilstoft"]
[Result "1-0"]
[WhiteElo "2031"]
[BlackElo "2407"]
[PlyCount "83"]
[EventDate "2023.11.02"]
[EventType "swiss (blitz)"]
[EventRounds "11"]
[EventCountry "GCI"]
[SourceTitle "CB46_2023"]
[SourceDate "2023.11.15"]
[SourceVersion "1"]
[SourceVersionDate "2023.11.15"]
[SourceQuality "1"]

1. d4 e6 2. e4 a6 3. Bd3 d5 4. Nd2 c5 5. dxc5 Bxc5 6. Ngf3 Nc6 7. 0-0 Ba7 8. Qe2 Nb4 9. exd5 Nxd3 10. Qxd3 Qxd5 11. Qxd5 exd5 12. Re1+ Be6 13. Nb3 0-0-0 14. Nbd4 Bg4 15. Bg5 f6 16. Bf4 g5 17. Bg3 h5 18. h4 Bxf3 19. Nxf3 g4 20. Nd2 Nh6 21. Re6 Nf5 22. Nf1 Rhf8 23. Rd1 Kd7 24. Re2 Kc6 25. Re6+ Kb5 26. Rd3 Nd4 27. Re7 a5 28. Rxb7+ Ka6 29. Rxa7+ Kxa7 30. Rxd4 Kb6 31. Ne3 Kc5 32. c3 Rd7 33. Bf4 Re8 34. Kf1 Re4 35. Rxe4 dxe4 36. Ke2 a4 37. Nc2 Kc4 38. Be3 Rb7 39. Nb4 Rd7 40. Bd4 g3 41. fxg3 f5 42. Ke3 1-0

[Event "EU Small Countries blitz op 8th"]
[Site "St Helier"]
[Date "2023.11.02"]
[Round "7"]
[White "Rodgaard, John"]
[Black "Nielsen, Hogni Egilstoft"]
[Result "1/2-1/2"]
[WhiteElo "2320"]
[BlackElo "2407"]
[PlyCount "101"]
[EventDate "2023.11.02"]
[EventType "swiss (blitz)"]
[EventRounds "11"]
[EventCountry "GCI"]
[SourceTitle "CB46_2023"]
[SourceDate "2023.11.15"]
[SourceVersion "1"]
[SourceVersionDate "2023.11.15"]
[SourceQuality "1"]

1. Nf3 g6 2. c4 b5 3. cxb5 a6 4. e4 axb5 5. Bxb5 Bg7 6. d4 e6 7. 0-0 Ne7 8. Nc3 0-0 9. Bf4 h6 10. h3 d6 11. Rc1 Bb7 12. Qd2 Kh7 13. Rfe1 Nd7 14. Bc4 Nb6 15. Bb3 Qd7 16. Qc2 Rfc8 17. Be3 Ra5 18. a3 Rh5 19. Qe2 Ra8 20. Kh2 Ba6 21. Qc2 Rc8 22. Bf4 Kg8 23. Bg3 Ra5 24. Nb1 c5 25. dxc5 Raxc5 26. Qd2 d5 27. Rxc5 Rxc5 28. exd5 Nbxd5 29. Rd1 Qb7 30. Bxd5 Nxd5 31. b4 Rc8 32. Rc1 Nf6 33. Rxc8+ Qxc8 34. Be5 Bb7 35. Qc3 Qd8 36. Nbd2 Nd5 37. Qb2 Bf8 38. b5 Ne7 39. Qd4 Qc8 40. Ne4 Nd5 41. Nf6+ Nxf6 42. Bxf6 Bxa3 43. Ne5 Bd5 44. Nc6 Qc7+ 45. g3 Qb7 46. Qc3 Qxb5 47. Qxa3 Kh7 48. Ne7 Qf1 49. Nxd5 Qxf2+ 50. Kh1 Qf1+ 51. Kh2 1/2-1/2

[Event "EU Small Countries ol 8th"]
[Site "St Helier"]
[Date "2023.10.30"]
[Round "3.1"]
[White "Nielsen, Hogni Egilstoft"]
[Black "Ferster, Fabian"]
[Result "1/2-1/2"]
[WhiteElo "2386"]
[BlackElo "2162"]
[PlyCount "27"]
[EventDate "2023.10.29"]
[EventType "team-tourn"]
[EventRounds "9"]
[EventCountry "GCI"]
[SourceTitle "Mega2024 Update 01"]
[Source "Chessbase"]
[SourceDate "2023.11.12"]
[SourceVersion "1"]
[SourceVersionDate "2023.11.12"]
[SourceQuality "1"]
[WhiteTeam "Faroe Islands"]
[BlackTeam "Liechtenstein"]
[WhiteTeamCountry "FAI"]
[BlackTeamCountry "LIE"]

1. e4 c5 2. a3 g6 3. Nc3 Bg7 4. Bc4 e6 5. d3 Nc6 6. h4 Nf6 7. Ba2 d5 8. exd5 exd5 9. Nge2 d4 10. Ne4 Nxe4 11. dxe4 Qe7 12. Ng3 h5 13. Bg5 Bf6 14. Bxf6 1/2-1/2

[Event "EU Small Countries ol 8th"]
[Site "St Helier"]
[Date "2023.10.30"]
[Round "2.1"]
[White "Pace, Colin"]
[Black "Nielsen, Hogni Egilstoft"]
[Result "0-1"]
[WhiteElo "2155"]
[BlackElo "2386"]
[PlyCount "68"]
[EventDate "2023.10.29"]
[EventType "team-tourn"]
[EventRounds "9"]
[EventCountry "GCI"]
[SourceTitle "Mega2024 Update 01"]
[Source "Chessbase"]
[SourceDate "2023.11.12"]
[SourceVersion "1"]
[SourceVersionDate "2023.11.12"]
[SourceQuality "1"]
[WhiteTeam "Malta"]
[BlackTeam "Faroe Islands"]
[WhiteTeamCountry "MLT"]
[BlackTeamCountry "FAI"]

1. e4 g6 2. d4 Bg7 3. Nc3 d6 4. f4 a6 5. Nf3 b5 6. Bd3 Nd7 7. a4 b4 8. Ne2 c5 9. c3 a5 10. 0-0 Qc7 11. e5 Nh6 12. Ng3 0-0 13. e6 fxe6 14. Ng5 Nb6 15. Qe2 c4 16. Bb1 Qd7 17. N3e4 Nd5 18. Bd2 Nf6 19. Nxf6+ exf6 20. Nxh7 Kxh7 21. Qe4 f5 22. Qxa8 Qc7 23. Qf3 b3 24. h3 Bb7 25. Qe2 Qc6 26. Kh2 Ng8 27. g4 Nf6 28. Rg1 Qf3 29. Qe1 Nxg4+ 30. hxg4 Rh8 31. Qxe6 Qf2+ 32. Kh3 Qxg1 33. Bxf5 Bg2+ 34. Kg3 Bf1+ 0-1

[Event "Piestany op-A"]
[Site "Piestany"]
[Date "2023.07.16"]
[Round "6"]
[White "Jaiveer, Mahendru"]
[Black "Nielsen, Hogni Egilstoft"]
[Result "1/2-1/2"]
[WhiteElo "2005"]
[BlackElo "2414"]
[PlyCount "82"]
[EventDate "2023.07.11"]
[EventType "swiss"]
[EventRounds "9"]
[EventCountry "SVK"]
[SourceTitle "EXT 2024"]
[Source "ChessBase"]
[SourceDate "2023.10.10"]
[SourceVersion "1"]
[SourceVersionDate "2023.10.10"]
[SourceQuality "1"]

1. e4 e5 2. Nf3 Nc6 3. Bc4 Nf6 4. d3 Bc5 5. c3 0-0 6. Bb3 d5 7. Qe2 a5 8. a4 h6 9. h3 Be6 10. Bc2 Re8 11. Nbd2 Ba7 12. Nf1 Qd6 13. Ng3 Ne7 14. Nh4 Ng6 15. Nhf5 Qc6 16. Qf3 dxe4 17. dxe4 Bc4 18. b3 Ba6 19. c4 Bd4 20. Ra2 Rad8 21. 0-0 b6 22. Nxd4 exd4 23. Qd1 d3 24. Bxd3 Ne5 25. Rd2 Rxd3 26. Rxd3 Nxd3 27. Qxd3 Nxe4 28. Nxe4 Rxe4 29. Bb2 Re6 30. Qd8+ Re8 31. Qd4 f6 32. Rd1 Qe6 33. Qd7 Qe7 34. Ba3 Qxd7 35. Rxd7 Re1+ 36. Kh2 Rb1 37. Rxc7 Rxb3 38. Bd6 Rd3 39. c5 bxc5 40. Bxc5 Rc3 41. Ra7 Rxc5 1/2-1/2

[Event "Piestany op-A"]
[Site "Piestany"]
[Date "2023.07.15"]
[Round "5"]
[White "Lecky, Juraj"]
[Black "Nielsen, Hogni Egilstoft"]
[Result "1-0"]
[WhiteElo "2107"]
[BlackElo "2414"]
[PlyCount "65"]
[EventDate "2023.07.11"]
[EventType "swiss"]
[EventRounds "9"]
[EventCountry "SVK"]
[SourceTitle "EXT 2024"]
[Source "ChessBase"]
[SourceDate "2023.10.10"]
[SourceVersion "1"]
[SourceVersionDate "2023.10.10"]
[SourceQuality "1"]

1. d4 g6 2. e4 Bg7 3. c4 d6 4. Nc3 Nc6 5. d5 Nd4 6. Nge2 c5 7. Be3 Nxe2 8. Bxe2 Nf6 9. h3 0-0 10. g4 a6 11. Qd2 b5 12. f3 b4 13. Nd1 e6 14. e5 dxe5 15. g5 Nh5 16. Bxc5 Re8 17. d6 a5 18. Nf2 Qd7 19. Ne4 Bb7 20. Bf2 Nf4 21. Rd1 Red8 22. Be3 Qc6 23. Kf2 h5 24. b3 Kh8 25. d7 Bf8 26. Qb2 Bg7 27. Rd6 Qc7 28. Bb6 Qb8 29. c5 Rxd7 30. Rxd7 Kh7 31. Rd8 Bc8 32. Nd6 e4 33. Qxg7+ 1-0

[Event "FAI-ch"]
[Site "Torshavn"]
[Date "2023.04.04"]
[Round "4"]
[White "Ziska, Helgi Dam"]
[Black "Nielsen, Hogni Egilstoft"]
[Result "1/2-1/2"]
[WhiteElo "2543"]
[BlackElo "2401"]
[PlyCount "23"]
[EventDate "2023.04.01"]
[EventType "tourn"]
[EventRounds "7"]
[EventCountry "FAI"]
[EventCategory "2"]
[SourceTitle "CBM 213 Extra"]
[Source "ChessBase"]
[SourceDate "2023.05.31"]
[SourceVersion "1"]
[SourceVersionDate "2023.05.31"]
[SourceQuality "1"]

1. e4 a6 2. d4 e6 3. Be3 d5 4. e5 c5 5. c3 Nc6 6. f4 Nh6 7. Nf3 Nf5 8. Bf2 cxd4 9. cxd4 Qb6 10. Qd2 Bd7 11. Bd3 Rc8 12. Bxf5 1/2-1/2

[Event "Olympiad-44"]
[Site "Chennai"]
[Date "2022.08.08"]
[Round "10.2"]
[White "Nielsen, Hogni Egilstoft"]
[Black "Cilia Vincenti, David"]
[Result "1-0"]
[WhiteElo "2414"]
[BlackElo "1904"]
[PlyCount "51"]
[EventDate "2022.07.29"]
[EventType "team-swiss"]
[EventRounds "11"]
[EventCountry "IND"]
[SourceTitle "CBM 210"]
[Source "ChessBase"]
[SourceDate "2022.10.31"]
[SourceVersion "1"]
[SourceVersionDate "2022.10.31"]
[SourceQuality "1"]
[WhiteTeam "Faroe Islands"]
[BlackTeam "Malta"]
[WhiteTeamCountry "FAI"]
[BlackTeamCountry "MLT"]

1. e4 c6 2. Nc3 d5 3. Nf3 dxe4 4. Nxe4 Nf6 5. Qe2 Nxe4 6. Qxe4 Nd7 7. g3 Nf6 8. Qe2 Bf5 9. d4 e6 10. Bg2 Bd6 11. 0-0 h6 12. Ne5 0-0 13. b3 a5 14. a3 Qe7 15. Bb2 Rfd8 16. Nc4 Bc7 17. h3 Nd5 18. Rad1 Qg5 19. Ne5 Qe7 20. c4 Nf6 21. f4 Bd6 22. g4 Bh7 23. g5 Bxe5 24. fxe5 Nd7 25. gxh6 gxh6 26. Bc1 1-0

[Event "Olympiad-44"]
[Site "Chennai"]
[Date "2022.08.06"]
[Round "8.1"]
[White "Nielsen, Hogni Egilstoft"]
[Black "Masango, Spencer"]
[Result "1/2-1/2"]
[WhiteElo "2414"]
[BlackElo "2170"]
[PlyCount "102"]
[EventDate "2022.07.29"]
[EventType "team-swiss"]
[EventRounds "11"]
[EventCountry "IND"]
[SourceTitle "CBM 210"]
[Source "ChessBase"]
[SourceDate "2022.10.31"]
[SourceVersion "1"]
[SourceVersionDate "2022.10.31"]
[SourceQuality "1"]
[WhiteTeam "Faroe Islands"]
[BlackTeam "Zimbabwe"]
[WhiteTeamCountry "FAI"]
[BlackTeamCountry "ZIM"]

1. e4 e5 2. Nf3 Nc6 3. Bc4 Bc5 4. 0-0 Nf6 5. d3 0-0 6. Nbd2 a6 7. c3 Ba7 8. Re1 Ng4 9. Re2 d6 10. h3 Nf6 11. Bb3 Nh5 12. Nf1 Qf6 13. Bg5 Qg6 14. Kh1 Be6 15. Qd2 h6 16. Be3 Bxe3 17. fxe3 Ng3+ 18. Nxg3 Qxg3 19. Qe1 Qxe1+ 20. Rexe1 Bxb3 21. axb3 f5 22. exf5 Rxf5 23. e4 Rf4 24. Rf1 Raf8 25. Kg1 Nd8 26. b4 Ne6 27. Rae1 R4f7 28. Re3 Nf4 29. Nd2 Rf6 30. Kh2 g5 31. d4 exd4 32. cxd4 Ne6 33. Rxf6 Rxf6 34. Nf3 Rf7 35. Rc3 c6 36. d5 cxd5 37. exd5 Nc7 38. Nd2 Nxd5 39. Rd3 Nxb4 40. Rxd6 Kg7 41. Ne4 Nc2 42. Rb6 Ne3 43. Nc5 Nc4 44. Rb4 Nd6 45. Rb6 Nc4 46. Rb4 Na5 47. Rd4 Re7 48. Rd8 Nc4 49. b3 Na5 50. Rd6 Nc6 51. Nxb7 Rxb7 1/2-1/2

[Event "Olympiad-44"]
[Site "Chennai"]
[Date "2022.08.05"]
[Round "7.2"]
[White "Perez Ponsa, Federico"]
[Black "Nielsen, Hogni Egilstoft"]
[Result "1/2-1/2"]
[WhiteElo "2554"]
[BlackElo "2414"]
[PlyCount "120"]
[EventDate "2022.07.29"]
[EventType "team-swiss"]
[EventRounds "11"]
[EventCountry "IND"]
[SourceTitle "CBM 210"]
[Source "ChessBase"]
[SourceDate "2022.10.31"]
[SourceVersion "1"]
[SourceVersionDate "2022.10.31"]
[SourceQuality "1"]
[WhiteTeam "Argentina"]
[BlackTeam "Faroe Islands"]
[WhiteTeamCountry "ARG"]
[BlackTeamCountry "FAI"]

1. d4 Nf6 2. c4 e6 3. Nc3 Bb4 4. Qc2 c5 5. dxc5 Bxc5 6. Nf3 Qb6 7. e3 Qc7 8. a3 b6 9. Be2 Bb7 10. b4 Be7 11. Bb2 a6 12. 0-0 d6 13. Rac1 Nbd7 14. Rfd1 0-0 15. h3 Rac8 16. e4 Qb8 17. Bd3 Rfd8 18. Qe2 Nf8 19. Qe3 N6d7 20. Ne2 Ng6 21. Ng3 Qc7 22. Nh5 Nde5 23. Be2 Nxf3+ 24. Qxf3 e5 25. Qg4 Qc6 26. Bd3 Bf8 27. Rf1 Qd7 28. Rfd1 Qe6 29. Qg3 Rb8 30. Qe3 Be7 31. Be2 Qc8 32. Qxb6 Bxe4 33. Qe3 Qb7 34. Bf1 h6 35. Re1 Bc6 36. Rcd1 Bg5 37. Qg3 Qb6 38. Bd3 Qb7 39. Bxg6 fxg6 40. h4 Bxh4 41. Qxh4 gxh5 42. Rxe5 dxe5 43. Rxd8+ Rxd8 44. Qxd8+ Kh7 45. Qd3+ e4 46. Qd4 h4 47. Qe5 Qd7 48. Bd4 e3 49. Qxe3 Qg4 50. f3 Bxf3 51. Qxf3 Qxd4+ 52. Kh2 Qxc4 53. Qf5+ Kg8 54. Kh3 Qc6 55. Qg4 Qc3+ 56. Kxh4 Qxa3 57. Qe6+ Kf8 58. Qf5+ Ke7 59. Qe5+ Kf7 60. Qf5+ Ke7 1/2-1/2

[Event "FAI-ch"]
[Site "Eidi"]
[Date "2022.04.13"]
[Round "5"]
[White "Nielsen, Hogni Egilstoft"]
[Black "Nolsoe, Rani"]
[Result "1-0"]
[WhiteElo "2410"]
[BlackElo "2068"]
[PlyCount "41"]
[EventDate "2022.04.09"]
[EventType "tourn"]
[EventRounds "7"]
[EventCountry "FAI"]
[SourceTitle "CBM 207 Extra"]
[Source "ChessBase"]
[SourceDate "2022.05.31"]
[SourceVersion "1"]
[SourceVersionDate "2022.05.31"]
[SourceQuality "1"]

1. e4 d6 2. d4 Nf6 3. Nc3 g6 4. Nf3 Bg7 5. h3 0-0 6. Be3 c6 7. a4 Nbd7 8. g3 e5 9. Bg2 Qc7 10. 0-0 b6 11. Re1 Bb7 12. a5 exd4 13. Bxd4 Ne5 14. Nd2 Rfe8 15. f4 Ned7 16. a6 Bc8 17. Nc4 Nxe4 18. Bxg7 Kxg7 19. Qd4+ Ndf6 20. Rxe4 c5 21. Qxd6 1-0

[Event "FAI-chT 2122"]
[Site "Faroe Islands"]
[Date "2022.03.13"]
[Round "9.2"]
[White "Gaard, Ingolf"]
[Black "Nielsen, Hogni Egilstoft"]
[Result "0-1"]
[WhiteElo "1912"]
[BlackElo "2384"]
[PlyCount "74"]
[EventDate "2021.10.03"]
[EventType "team-tourn"]
[EventRounds "10"]
[EventCountry "FAI"]
[SourceTitle "EXT 2023"]
[Source "ChessBase"]
[SourceDate "2022.10.05"]
[SourceVersion "1"]
[SourceVersionDate "2022.10.05"]
[SourceQuality "1"]
[WhiteTeam "Klaksvik II"]
[BlackTeam "Sandavagur"]
[WhiteTeamCountry "FAI"]
[BlackTeamCountry "FAI"]

1. d4 e6 2. e4 d5 3. Nd2 c5 4. Ngf3 Nc6 5. c3 Nf6 6. e5 Nd7 7. Bd3 Qb6 8. 0-0 cxd4 9. cxd4 Nxd4 10. Nxd4 Qxd4 11. Nf3 Qb6 12. Qa4 g6 13. Be3 Qb4 14. Qc2 Bg7 15. a3 Qe7 16. Bb5 0-0 17. Bxd7 Bxd7 18. Bg5 f6 19. Bh4 Rac8 20. Qb3 Bc6 21. Rfe1 g5 22. exf6 Qxf6 23. Bxg5 Qxb2 24. Qxb2 Bxb2 25. Ra2 Bc3 26. Rxe6 d4 27. Re7 d3 28. Bd2 Bf6 29. Re1 Bd5 30. Raa1 Bxa1 31. Rxa1 Rc2 32. Be3 Rxf3 33. gxf3 Bxf3 34. h3 d2 35. Bxd2 Rxd2 36. Kh2 Bc6 37. Kg3 Rd3+ 0-1

[Event "FAI-chT 2122"]
[Site "Faroe Islands"]
[Date "2022.02.27"]
[Round "8.2"]
[White "Nielsen, Hogni Egilstoft"]
[Black "Nolsoe, Rani"]
[Result "1-0"]
[WhiteElo "2384"]
[BlackElo "2055"]
[PlyCount "45"]
[EventDate "2021.10.03"]
[EventType "team-tourn"]
[EventRounds "10"]
[EventCountry "FAI"]
[SourceTitle "EXT 2023"]
[Source "ChessBase"]
[SourceDate "2022.10.05"]
[SourceVersion "1"]
[SourceVersionDate "2022.10.05"]
[SourceQuality "1"]
[WhiteTeam "Sandavagur"]
[BlackTeam "Klaksvik"]
[WhiteTeamCountry "FAI"]
[BlackTeamCountry "FAI"]

1. b3 e5 2. Bb2 Nc6 3. e3 d5 4. Bb5 Bd6 5. Nf3 Qe7 6. d4 Bg4 7. c4 a6 8. Bxc6+ bxc6 9. c5 e4 10. cxd6 Qxd6 11. h3 exf3 12. hxg4 fxg2 13. Rg1 Qh2 14. Kd2 h5 15. gxh5 Rxh5 16. Rxg2 Qxg2 17. Qxh5 Qxf2+ 18. Qe2 Qh4 19. Nc3 Nf6 20. Qg2 0-0-0 21. Rh1 Qg4 22. Qf1 Kb7 23. Rg1 1-0

[Event "EU Small Countries ol 7th"]
[Site "Sliema"]
[Date "2021.11.30"]
[Round "4.1"]
[White "Wojciechowski, Paul"]
[Black "Nielsen, Hogni Egilstoft"]
[Result "0-1"]
[WhiteElo "1954"]
[BlackElo "2386"]
[PlyCount "66"]
[EventDate "2021.11.28"]
[EventType "team-tourn"]
[EventRounds "9"]
[EventCountry "MLT"]
[SourceTitle "CBM 205 Extra"]
[Source "ChessBase"]
[SourceDate "2022.01.31"]
[SourceVersion "1"]
[SourceVersionDate "2022.01.31"]
[SourceQuality "1"]
[WhiteTeam "Jersey"]
[BlackTeam "Faroe Islands"]
[WhiteTeamCountry "GCI"]
[BlackTeamCountry "FAI"]

1. e4 d6 2. d4 g6 3. Nc3 Bg7 4. f4 a6 5. Nf3 b5 6. Bd3 Nd7 7. 0-0 c5 8. dxc5 Nxc5 9. a3 Bb7 10. Qe2 Rc8 11. Nd1 Nf6 12. Nf2 Nfd7 13. Rb1 Qc7 14. b3 0-0 15. Be3 e5 16. Rfc1 Rfe8 17. c4 Nxd3 18. Qxd3 Nc5 19. Qd1 Nxe4 20. Nxe4 Bxe4 21. cxb5 Qb8 22. Rxc8 Rxc8 23. Rc1 Rxc1 24. Qxc1 axb5 25. fxe5 dxe5 26. a4 bxa4 27. bxa4 Qa8 28. Qd1 Bc6 29. Qd6 Qxa4 30. Qd8+ Be8 31. Qe7 Qd7 32. Qc5 Qe6 33. Bd2 Bc6 0-1

[Event "EU Small Countries ol 7th"]
[Site "Sliema"]
[Date "2021.11.29"]
[Round "2.1"]
[White "Berend, Fred"]
[Black "Nielsen, Hogni Egilstoft"]
[Result "0-1"]
[WhiteElo "2325"]
[BlackElo "2386"]
[PlyCount "80"]
[EventDate "2021.11.28"]
[EventType "team-tourn"]
[EventRounds "9"]
[EventCountry "MLT"]
[SourceTitle "CBM 205 Extra"]
[Source "ChessBase"]
[SourceDate "2022.01.31"]
[SourceVersion "1"]
[SourceVersionDate "2022.01.31"]
[SourceQuality "1"]
[WhiteTeam "Luxembourg"]
[BlackTeam "Faroe Islands"]
[WhiteTeamCountry "LUX"]
[BlackTeamCountry "FAI"]

1. d4 e6 2. e4 d5 3. Nc3 dxe4 4. Nxe4 Nd7 5. Nf3 Ngf6 6. Bd3 Be7 7. Qe2 0-0 8. Bg5 c5 9. 0-0-0 Nxe4 10. Bxe7 Qxe7 11. Qxe4 Nf6 12. Qh4 Qc7 13. dxc5 b6 14. Ng5 h6 15. Ne4 Nd5 16. Bc4 Bb7 17. Qg3 Qxg3 18. hxg3 Ne3 19. fxe3 Bxe4 20. cxb6 axb6 21. Rd6 Rfc8 22. Bb3 Rc6 23. Rxc6 Bxc6 24. Rh4 Bxg2 25. Rb4 Rd8 26. Rxb6 Bf3 27. c3 g5 28. a4 Kg7 29. Rb5 Kf6 30. a5 h5 31. Rb4 e5 32. a6 h4 33. Rb6+ Kg7 34. gxh4 g4 35. a7 g3 36. Rb8 Rd7 37. h5 Rxa7 38. h6+ Kxh6 39. Rg8 Ra1+ 40. Kd2 g2 0-1

[Event "EU Small Countries ol 7th"]
[Site "Sliema"]
[Date "2021.11.28"]
[Round "1.1"]
[White "Nielsen, Hogni Egilstoft"]
[Black "Porras Mateo, Felipe"]
[Result "1-0"]
[WhiteElo "2386"]
[BlackElo "2326"]
[PlyCount "43"]
[EventDate "2021.11.28"]
[EventType "team-tourn"]
[EventRounds "9"]
[EventCountry "MLT"]
[SourceTitle "CBM 205 Extra"]
[Source "ChessBase"]
[SourceDate "2022.01.31"]
[SourceVersion "1"]
[SourceVersionDate "2022.01.31"]
[SourceQuality "1"]
[WhiteTeam "Faroe Islands"]
[BlackTeam "Andorra"]
[WhiteTeamCountry "FAI"]
[BlackTeamCountry "AND"]

1. e4 e5 2. Nf3 Nc6 3. Bc4 Bc5 4. 0-0 Nf6 5. d3 0-0 6. c3 d6 7. a4 a5 8. Na3 h6 9. h3 Be6 10. Bxe6 fxe6 11. Nc4 Qe8 12. Be3 Bxe3 13. fxe3 Qh5 14. Qb3 Rab8 15. Qb5 g5 16. d4 g4 17. dxe5 Nxe4 18. exd6 Rf5 19. hxg4 Qxg4 20. Nh2 Qe2 21. Rxf5 exf5 22. Qxf5 1-0

[Event "FAI-chT 2122"]
[Site "Faroe Islands"]
[Date "2021.10.10"]
[Round "2.2"]
[White "Nielsen, Hogni Egilstoft"]
[Black "Mortensen, Rogvi"]
[Result "1-0"]
[WhiteElo "2384"]
[BlackElo "2018"]
[PlyCount "73"]
[EventDate "2021.10.03"]
[EventType "team-tourn"]
[EventRounds "10"]
[EventCountry "FAI"]
[SourceTitle "EXT 2023"]
[Source "ChessBase"]
[SourceDate "2022.10.05"]
[SourceVersion "1"]
[SourceVersionDate "2022.10.05"]
[SourceQuality "1"]
[WhiteTeam "Sandavagur"]
[BlackTeam "Havnin II"]
[WhiteTeamCountry "FAI"]
[BlackTeamCountry "FAI"]

1. e4 e5 2. Nf3 Nc6 3. Bc4 Nf6 4. d3 Bc5 5. 0-0 0-0 6. Bg5 h6 7. Be3 Bb6 8. Nbd2 d6 9. c3 Re8 10. Re1 Be6 11. Bb5 Bd7 12. Nf1 Ne7 13. Bc4 Ng6 14. Ng3 Be6 15. Bb3 d5 16. exd5 Bxd5 17. Bc2 Qd7 18. d4 exd4 19. Nxd4 Rad8 20. a4 a5 21. f3 Ne5 22. Bf2 Nc6 23. Ngf5 Nxd4 24. Nxd4 c6 25. Bf5 Rxe1+ 26. Qxe1 Qe8 27. Qf1 Qe5 28. Re1 Qf4 29. Bc2 Qd2 30. Re2 Qf4 31. Qe1 Bxd4 32. Bxd4 Be6 33. Be5 Qg5 34. h4 Qh5 35. Qg3 Ne8 36. Bd4 c5 37. Re5 1-0

[Event "FAI-ch Landslidsbolkur"]
[Site "Klaksvik"]
[Date "2021.03.29"]
[Round "3"]
[White "Nielsen, Hogni Egilstoft"]
[Black "Berg, Margar"]
[Result "1-0"]
[WhiteElo "2384"]
[BlackElo "1942"]
[PlyCount "67"]
[EventDate "2021.03.27"]
[EventType "tourn"]
[EventRounds "7"]
[EventCountry "FAI"]
[SourceTitle "CBM 201 Extra"]
[Source "ChessBase"]
[SourceDate "2021.05.31"]
[SourceVersion "1"]
[SourceVersionDate "2021.05.31"]
[SourceQuality "1"]

1. e4 g6 2. d4 d6 3. Nf3 Nf6 4. Nc3 Bg7 5. h3 0-0 6. Be3 b6 7. Bd3 Bb7 8. 0-0 Nbd7 9. Nd2 c5 10. d5 Ne5 11. Be2 a6 12. a4 e6 13. f4 Ned7 14. Bf3 exd5 15. exd5 Re8 16. Bf2 Qc7 17. Nc4 Re7 18. Qd3 Rae8 19. Bg3 Bc8 20. Bh2 Qb8 21. Kh1 b5 22. axb5 axb5 23. Na5 c4 24. Qd1 Bb7 25. Nc6 Bxc6 26. dxc6 Nc5 27. f5 Nce4 28. Nxe4 Nxe4 29. f6 Bxf6 30. Bxe4 Rxe4 31. Rxf6 Qb6 32. Qd5 Re1+ 33. Rf1 Qf2 34. Raxe1 1-0